000 00621nam a22002177a 4500
008 151015b xxu||||| |||| 00| 0 eng d
020 _a9780618643721
020 _a0618643729 (main student text)
041 0 _aeng
080 _a656.07
100 1 _aHoyer, Wayne D.
245 1 0 _aConsumer behavior /
_cWayne D. Hoyer, Deborah J. MacInnis.
250 _a4th ed.
260 _aBoston :
_bHoughton Mifflin Co.,
_c2007.
300 _a1 v. (various pagings) :
_bme il.;
_c26 cm.
650 0 _aSjellja konsumatore
650 0 _aMarketing
650 0 _aOrganizative
700 1 _aMacInnis, Deborah J.
942 _2udc
_cBK
999 _c1304
_d1304